[Event "First Saturday Tournaments - GM April 20"]
[Site "Budapest"]
[Date "2010.04.03"]
[Round "1.1"]
[White "Gonda, Laszlo"]
[Black "Berczes, David"]
[Result "1/2-1/2"]
[WhiteElo "2482"]
[BlackElo "2510"]
[PlyCount "20"]
[EventDate "2010.04.03"]

1. d4 Nf6 2. c4 e6 3. g3 c5 4. Nf3 cxd4 5. Nxd4 Bb4+ 6. Bd2 Bc5 7. Nb3 Be7 8.
Nc3 O-O 9. Bg2 Nc6 10. O-O d6 1/2-1/2

[Event "First Saturday Tournaments - GM April 20"]
[Site "Budapest"]
[Date "2010.04.03"]
[Round "1.2"]
[White "Kislik, Erik Andrew"]
[Black "Baramidze, David"]
[Result "0-1"]
[WhiteElo "2370"]
[BlackElo "2528"]
[PlyCount "96"]
[EventDate "2010.04.03"]

1. e4 e5 2. Nf3 Nc6 3. Bb5 a6 4. Ba4 Nf6 5. O-O Be7 6. Re1 b5 7. Bb3 d6 8. c3
O-O 9. h3 Nb8 10. d4 Nbd7 11. Nbd2 Bb7 12. Bc2 Re8 13. Nf1 Bf8 14. Ng3 g6 15.
a4 c5 16. d5 c4 17. Bg5 h6 18. Be3 h5 19. Nd2 Qc7 20. Qf3 Bg7 21. Ne2 Nc5 22.
Kh2 Reb8 23. g3 Bc8 24. a5 Bd7 25. Qg2 Rf8 26. f3 Rae8 27. g4 Bc8 28. Rh1 Kh8
29. Ng3 h4 30. Ne2 Nh7 31. g5 f6 32. gxf6 Bxf6 33. Qf2 Qd7 34. Kg2 Qd8 35. Bxc5
dxc5 36. Qxc5 Bg5 37. Nf1 Bh6 38. Ng1 Bc1 39. Rb1 Qg5+ 40. Kf2 Bf4 41. Rd1 Rf7
42. b3 cxb3 43. Bxb3 Nf6 44. Qb4 Nh5 45. d6 Bg3+ 46. Nxg3 hxg3+ 47. Ke2 Nf4+
48. Ke1 Ng2+ 0-1

[Event "First Saturday Tournaments - GM April 20"]
[Site "Budapest"]
[Date "2010.04.03"]
[Round "1.3"]
[White "Bindrich, Falko"]
[Black "Rajlich, Iweta"]
[Result "0-1"]
[WhiteElo "2532"]
[BlackElo "2459"]
[PlyCount "66"]
[EventDate "2010.04.03"]

1. e4 e6 2. d4 d5 3. Nc3 Bb4 4. e5 c5 5. a3 Bxc3+ 6. bxc3 Qc7 7. Nf3 b6 8. Bb5+
Bd7 9. a4 Bxb5 10. axb5 Qd7 11. Rb1 c4 12. Ba3 Ne7 13. Ng5 h6 14. Nh3 a6 15.
Qg4 Nf5 16. bxa6 Rxa6 17. Bd6 Nc6 18. Nf4 g6 19. O-O h5 20. Qg5 Qd8 21. Qxd8+
Kxd8 22. Bb4 Kc7 23. h3 Ra2 24. g4 hxg4 25. hxg4 Rh4 26. gxf5 Rxf4 27. Bd6+ Kb7
28. Bc5 Rg4+ 29. Kh2 Ra8 30. Rxb6+ Kc7 31. Bd6+ Kxb6 32. Rb1+ Ka6 33. Ra1+ Na5
0-1

[Event "First Saturday Tournaments - GM April 20"]
[Site "Budapest"]
[Date "2010.04.04"]
[Round "2.1"]
[White "Berczes, David"]
[Black "Rajlich, Iweta"]
[Result "1/2-1/2"]
[WhiteElo "2510"]
[BlackElo "2459"]
[PlyCount "48"]
[EventDate "2010.04.03"]

1. d4 Nf6 2. c4 g6 3. Nf3 Bg7 4. g3 d6 5. Nc3 O-O 6. Bg2 Nc6 7. O-O e5 8. d5
Ne7 9. e4 c5 10. Ne1 Nd7 11. Nd3 Kh8 12. Kh1 Nb6 13. b3 f5 14. Qc2 Nd7 15. f4
fxe4 16. Nxe4 Nf5 17. fxe5 Nxe5 18. Nxe5 Bxe5 19. Bg5 Qe8 20. Rae1 Nd4 21. Qd2
Rxf1+ 22. Rxf1 Bf5 23. Nf6 Qc8 24. Bh4 Kg7 1/2-1/2

[Event "First Saturday Tournaments - GM April 20"]
[Site "Budapest"]
[Date "2010.04.04"]
[Round "2.2"]
[White "Baramidze, David"]
[Black "Bindrich, Falko"]
[Result "1/2-1/2"]
[WhiteElo "2528"]
[BlackElo "2532"]
[PlyCount "75"]
[EventDate "2010.04.03"]

1. d4 d5 2. c4 e6 3. Nf3 Nf6 4. Nc3 c6 5. Bg5 h6 6. Bh4 dxc4 7. e4 g5 8. Bg3 b5
9. Be2 Bb7 10. O-O Nbd7 11. Ne5 Bg7 12. Nxd7 Nxd7 13. Bd6 a6 14. a4 e5 15. Bg4
exd4 16. e5 c5 17. Re1 Nxe5 18. Bxe5 O-O 19. Bxg7 Kxg7 20. Ne2 f5 21. Bh5 f4
22. Nxd4 cxd4 23. Re6 Rf6 24. Qe1 Bd5 25. Re7+ Kg8 26. axb5 Qd6 27. Rxa6 Rxa6
28. bxa6 Qxa6 29. Re8+ Rf8 30. Rxf8+ Kxf8 31. Qe8+ Kg7 32. Qe7+ Kg8 33. Qd8+
Kg7 34. Qd7+ Kf6 35. h3 Ke5 36. Qg7+ Qf6 37. Qc7+ Qd6 38. Qg7+ 1/2-1/2

[Event "First Saturday Tournaments - GM April 20"]
[Site "Budapest"]
[Date "2010.04.04"]
[Round "2.3"]
[White "Gonda, Laszlo"]
[Black "Kislik, Erik Andrew"]
[Result "1-0"]
[WhiteElo "2482"]
[BlackElo "2370"]
[PlyCount "79"]
[EventDate "2010.04.03"]

1. Nf3 Nf6 2. c4 g6 3. Nc3 d5 4. cxd5 Nxd5 5. Qa4+ Nc6 6. Ne5 Qd6 7. Nxc6 Qxc6
8. Qxc6+ bxc6 9. g3 Bg7 10. Bg2 Rb8 11. Nxd5 cxd5 12. Bxd5 O-O 13. Rb1 Rb6 14.
d3 Be6 15. Bxe6 Rxe6 16. Be3 Ra6 17. a3 Rb8 18. O-O Rxb2 19. Bc5 Rxe2 20. Rb8+
Bf8 21. Rfb1 Rc6 22. Kf1 Re5 23. Bd4 f6 24. Bxe5 fxe5 25. Ra8 Kf7 26. Rxa7 e6
27. Rb2 Bd6 28. a4 Kf6 29. Ke2 Rc3 30. Ra2 g5 31. Rb7 Rc6 32. a5 Ra6 33. h3 Ke7
34. Rb8 Kf6 35. g4 Bc5 36. Rbb2 Bd4 37. Rc2 c5 38. Rc1 Kg6 39. Rb1 Bc3 40. Rb6
1-0

[Event "First Saturday Tournaments - GM April 20"]
[Site "Budapest"]
[Date "2010.04.05"]
[Round "3.1"]
[White "Kislik, Erik Andrew"]
[Black "Berczes, David"]
[Result "0-1"]
[WhiteElo "2370"]
[BlackElo "2510"]
[PlyCount "104"]
[EventDate "2010.04.03"]

1. e4 c6 2. d4 d5 3. e5 Bf5 4. Nd2 e6 5. Nb3 Nd7 6. Nf3 Qc7 7. Be2 f6 8. Bf4
fxe5 9. dxe5 Ne7 10. O-O Ng6 11. Bg3 Ndxe5 12. Nxe5 Nxe5 13. Nd4 Bd6 14. f4 Ng6
15. Bg4 Bc5 16. Bxf5 exf5 17. Re1+ Kf7 18. Kh1 Bxd4 19. Qxd4 Rhe8 20. h4 Nf8
21. Rxe8 Rxe8 22. Qxa7 Re2 23. Qd4 Ne6 24. Qd1 Re3 25. Qh5+ Kf8 26. Qxf5+ Kg8
27. Re1 Rxe1+ 28. Bxe1 Qf7 29. Qe5 h5 30. f5 Nc5 31. b3 Kh7 32. Bc3 Ne4 33. Bd4
Nf6 34. Qf4 Ne4 35. Kh2 Qe7 36. f6 gxf6 37. Qf5+ Kg7 38. Kg1 c5 39. Be3 d4 40.
Bf4 Nc3 41. Qxh5 Ne2+ 42. Kf1 Nxf4 43. Qg4+ Ng6 44. h5 Qf7 45. a4 c4 46. b4 d3
47. cxd3 c3 48. Ke1 Qe8+ 49. Kf2 c2 50. Qc4 Qc6 51. Qg4 c1=Q 52. Qxg6+ Kf8 0-1

[Event "First Saturday Tournaments - GM April 20"]
[Site "Budapest"]
[Date "2010.04.05"]
[Round "3.2"]
[White "Bindrich, Falko"]
[Black "Gonda, Laszlo"]
[Result "1/2-1/2"]
[WhiteElo "2532"]
[BlackElo "2482"]
[PlyCount "104"]
[EventDate "2010.04.03"]

1. e4 e5 2. Nf3 Nc6 3. Bb5 Nf6 4. d3 d6 5. O-O Bd7 6. c3 g6 7. Bg5 Bg7 8. Nbd2
h6 9. Bh4 O-O 10. Re1 Qe8 11. Nf1 Nh5 12. Ne3 Nf4 13. Bg3 Ne6 14. Nd5 a6 15.
Ba4 Kh8 16. Bc2 Rc8 17. Qd2 f5 18. exf5 gxf5 19. d4 e4 20. Nh4 Qf7 21. f3 Nexd4
22. cxd4 Qxd5 23. Ng6+ Kh7 24. Nxf8+ Rxf8 25. fxe4 Qxd4+ 26. Qxd4 Bxd4+ 27. Kh1
Nb4 28. Bb3 f4 29. Rf1 Bxb2 30. Rab1 Be5 31. Bc4 b5 32. Rxb4 bxc4 33. Rb7 Kg8
34. Rxc7 fxg3 35. Rxf8+ Kxf8 36. Rxd7 gxh2 37. Ra7 c3 38. Rxa6 Ke7 39. Ra4 d5
40. exd5 Kd6 41. Re4 Kxd5 42. Re2 Kd4 43. a4 Bc7 44. Re6 Kd5 45. Re2 Kc4 46.
Re6 Kc5 47. Re7 Ba5 48. Re2 Kd4 49. g4 Kd3 50. Rxh2 c2 51. Rxc2 Kxc2 52. Kg2
Kb3 1/2-1/2

[Event "First Saturday Tournaments - GM April 20"]
[Site "Budapest"]
[Date "2010.04.06"]
[Round "4.2"]
[White "Gonda, Laszlo"]
[Black "Rajlich, Iweta"]
[Result "1-0"]
[WhiteElo "2482"]
[BlackElo "2459"]
[PlyCount "87"]
[EventDate "2010.04.03"]

1. Nf3 Nf6 2. c4 g6 3. Nc3 d5 4. cxd5 Nxd5 5. Qa4+ Bd7 6. Qh4 Bc6 7. Qd4 f6 8.
e3 Bg7 9. Be2 e5 10. Qc4 Qd6 11. d4 Nd7 12. O-O f5 13. Nb5 Bxb5 14. Qxb5 O-O-O
15. dxe5 Nxe5 16. Rd1 c6 17. Qb3 Qf6 18. Nd4 h5 19. Bd2 Ng4 20. Be1 Qe5 21. g3
h4 22. Nxc6 bxc6 23. Ba6+ Kd7 24. Bc3 Qb8 25. Qxb8 Rxb8 26. Bxg7 hxg3 27. hxg3
Rh3 28. Be2 Rh7 29. Bd4 Ke6 30. Rac1 Rc8 31. e4 Nb6 32. a4 Ne5 33. f4 Ned7 34.
a5 Na8 35. Bxa7 c5 36. Bc4+ Ke7 37. Bb5 Ke6 38. exf5+ gxf5 39. Rxd7 Rxd7 40.
Re1+ Kf6 41. Bxd7 Rc7 42. Re6+ Kg7 43. Ra6 Rxd7 44. Bb8 1-0

[Event "First Saturday Tournaments - GM April 20"]
[Site "Budapest"]
[Date "2010.04.06"]
[Round "4.3"]
[White "Kislik, Erik Andrew"]
[Black "Bindrich, Falko"]
[Result "0-1"]
[WhiteElo "2370"]
[BlackElo "2532"]
[PlyCount "120"]
[EventDate "2010.04.03"]

1. e4 c5 2. Nf3 d6 3. d4 cxd4 4. Nxd4 Nf6 5. Nc3 a6 6. Be2 e5 7. Nb3 Be7 8. O-O
O-O 9. Re1 Be6 10. Bf3 Nbd7 11. a4 Rc8 12. Nd2 Qa5 13. Nf1 Nb6 14. Bd2 Qc5 15.
b3 Nbd7 16. Ne3 Bd8 17. Na2 Qc7 18. c4 Nc5 19. Nc3 Qb6 20. Rb1 Nd3 21. Rf1 Qa7
22. Ned5 Bxd5 23. Be3 Bb6 24. Bxb6 Qxb6 25. Qxd3 Be6 26. Rfd1 Rfd8 27. h3 h6
28. Rd2 Qb4 29. Be2 b5 30. Na2 bxc4 31. Nxb4 cxd3 32. Bxd3 a5 33. Nd5 Bxd5 34.
exd5 Rc5 35. Rbd1 Rdc8 36. Ba6 Rb8 37. Bc4 Rb4 38. Rc2 Nd7 39. Rdc1 h5 40. Bb5
Rxc2 41. Rxc2 Nc5 42. Bc4 h4 43. Kf1 f5 44. Ke2 Kf7 45. Rc3 Kf6 46. f3 Kg5 47.
Ke3 g6 48. Kf2 Kf4 49. Rc2 g5 50. Rc3 g4 51. hxg4 fxg4 52. g3+ hxg3+ 53. Kg2
Nxa4 54. bxa4 Rb2+ 55. Kg1 gxf3 56. Bf1 Rh2 57. Bb5 f2+ 58. Kf1 Rh1+ 59. Kg2
Rg1+ 60. Kh3 g2 0-1

[Event "First Saturday Tournaments - GM April 20"]
[Site "Budapest"]
[Date "2010.04.07"]
[Round "5.1"]
[White "Bindrich, Falko"]
[Black "Berczes, David"]
[Result "1/2-1/2"]
[WhiteElo "2532"]
[BlackElo "2510"]
[PlyCount "65"]
[EventDate "2010.04.03"]

1. Nf3 d5 2. d4 Nf6 3. c4 c6 4. cxd5 cxd5 5. Nc3 Nc6 6. Bf4 Bf5 7. Rc1 Rc8 8.
e3 Bg4 9. Qb3 Bxf3 10. gxf3 Qd7 11. Bb5 e6 12. Na4 Be7 13. Bb8 O-O 14. Bg3 Bb4+
15. Kd1 Bd6 16. Nc5 Bxc5 17. Rxc5 a6 18. Bd3 Qe7 19. Bh4 e5 20. Rxd5 Qe6 21.
Bxf6 Qxf6 22. Ke2 exd4 23. Be4 dxe3 24. fxe3 b5 25. Rg1 Na5 26. Qb4 Nc4 27. a4
Qh6 28. Rdg5 g6 29. axb5 Rfd8 30. Bd3 Ne5 31. Be4 Nc4 32. Bd3 Ne5 33. Be4
1/2-1/2

[Event "First Saturday Tournaments - GM April 20"]
[Site "Budapest"]
[Date "2010.04.07"]
[Round "5.2"]
[White "Rajlich, Iweta"]
[Black "Kislik, Erik Andrew"]
[Result "1-0"]
[WhiteElo "2459"]
[BlackElo "2370"]
[PlyCount "59"]
[EventDate "2010.04.03"]

1. d4 Nf6 2. c4 g6 3. g3 c6 4. Nc3 d5 5. Qb3 Bg7 6. Bg2 O-O 7. Nf3 dxc4 8. Qxc4
a5 9. O-O b5 10. Qb3 Ba6 11. a3 Qb6 12. Na4 Qc7 13. Nc5 Nbd7 14. Nxa6 Rxa6 15.
Bf4 Qa7 16. Ne5 Nxe5 17. dxe5 Ng4 18. e6 f5 19. Rad1 Nf6 20. Rd7 Nxd7 21. exd7+
Kh8 22. Rd1 Qb6 23. Bxc6 Rd8 24. Bxb5 Bf6 25. Qc4 Ra7 26. Be3 Qb7 27. Bxa7 Qxa7
28. Qf7 Qb8 29. a4 Qb6 30. Rc1 1-0

[Event "First Saturday Tournaments - GM April 20"]
[Site "Budapest"]
[Date "2010.04.07"]
[Round "5.3"]
[White "Baramidze, David"]
[Black "Gonda, Laszlo"]
[Result "1-0"]
[WhiteElo "2528"]
[BlackElo "2482"]
[PlyCount "75"]
[EventDate "2010.04.03"]

1. e4 e5 2. Nf3 Nc6 3. Bb5 Nf6 4. d3 d6 5. O-O Be7 6. c3 O-O 7. Nbd2 a6 8. Ba4
b5 9. Bc2 d5 10. d4 Bg4 11. h3 Bh5 12. g4 Bg6 13. Nxe5 Nxe5 14. dxe5 Nxe4 15.
Nxe4 dxe4 16. Bf4 Bc5 17. Qxd8 Raxd8 18. Rac1 e3 19. fxe3 Rd2 20. Rf2 Rfd8 21.
Bf5 Rxf2 22. Kxf2 Rd2+ 23. Kf3 Kf8 24. b4 Bb6 25. c4 bxc4 26. a4 a5 27. bxa5
Bxa5 28. Rxc4 Ra2 29. Rd4 Ke8 30. Bg5 c5 31. Bd7+ Kf8 32. Rd5 f6 33. exf6 gxf6
34. Bxf6 Be1 35. Bf5 c4 36. Rd1 Bd2 37. Bxg6 hxg6 38. Ra1 1-0

[Event "First Saturday Tournaments - GM April 20"]
[Site "Budapest"]
[Date "2010.04.08"]
[Round "6.1"]
[White "Berczes, David"]
[Black "Gonda, Laszlo"]
[Result "1/2-1/2"]
[WhiteElo "2510"]
[BlackElo "2482"]
[PlyCount "21"]
[EventDate "2010.04.03"]

1. d4 d5 2. c4 dxc4 3. e3 e5 4. Bxc4 exd4 5. exd4 Bd6 6. Nf3 Nf6 7. O-O O-O 8.
Nc3 Nc6 9. h3 Bf5 10. a3 a6 11. Re1 1/2-1/2

[Event "First Saturday Tournaments - GM April 20"]
[Site "Budapest"]
[Date "2010.04.08"]
[Round "6.2"]
[White "Baramidze, David"]
[Black "Kislik, Erik Andrew"]
[Result "1/2-1/2"]
[WhiteElo "2528"]
[BlackElo "2370"]
[PlyCount "47"]
[EventDate "2010.04.03"]

1. Nf3 Nf6 2. c4 g6 3. b4 Bg7 4. Bb2 O-O 5. e3 c6 6. Be2 d5 7. O-O Bg4 8. h3
Bxf3 9. Bxf3 Nbd7 10. cxd5 Nxd5 11. Bxg7 Kxg7 12. Qb3 e6 13. Nc3 Nxc3 14. Qxc3+
Qf6 15. Rfc1 Qxc3 16. Rxc3 Rfd8 17. d4 a6 18. a4 Kf6 19. Rcc1 Nb6 20. b5 axb5
21. axb5 Rxa1 22. Rxa1 cxb5 23. Rb1 Nc4 24. Rxb5 1/2-1/2

[Event "First Saturday Tournaments - GM April 20"]
[Site "Budapest"]
[Date "2010.04.08"]
[Round "6.3"]
[White "Rajlich, Iweta"]
[Black "Bindrich, Falko"]
[Result "0-1"]
[WhiteElo "2459"]
[BlackElo "2532"]
[PlyCount "138"]
[EventDate "2010.04.03"]

1. d4 d5 2. c4 c6 3. Nf3 Nf6 4. Nc3 dxc4 5. a4 Bf5 6. e3 e6 7. Bxc4 Bb4 8. O-O
Nbd7 9. Qe2 Bg4 10. h3 Bxf3 11. Qxf3 O-O 12. Rd1 e5 13. Qf5 Qe7 14. a5 Rad8 15.
Bd2 e4 16. h4 g6 17. Qh3 c5 18. b3 Kg7 19. Be1 a6 20. h5 cxd4 21. h6+ Kg8 22.
Rxd4 Bc5 23. Nd5 Nxd5 24. Rxd5 Nf6 25. Rdd1 Bd6 26. Bc3 Be5 27. Bxe5 Qxe5 28.
Qh4 Rd7 29. Qf4 Qxf4 30. exf4 Rfd8 31. Rxd7 Rxd7 32. Kf1 Kf8 33. Ke2 Ng4 34.
Rh1 Rc7 35. Rd1 Nxh6 36. Rd8+ Ke7 37. Rd5 Ng4 38. f3 exf3+ 39. Kxf3 h5 40. Rd1
Nf6 41. Re1+ Kf8 42. Re5 Rc6 43. Re1 Ne8 44. Bd5 Rc7 45. Ke3 Nf6 46. Bc4 Rd7
47. Kf3 Ng4 48. Re2 Rd1 49. Rc2 Nf6 50. Be2 Rd7 51. Rc8+ Ke7 52. Bc4 Ne8 53.
Rb8 Nd6 54. Bd5 Rc7 55. b4 Rc3+ 56. Ke2 Kd7 57. Kd2 Ra3 58. Kc2 Ra1 59. Bf3 Re1
60. Kc3 Rc1+ 61. Kd3 Rb1 62. Kc3 Kc7 63. Rf8 Re1 64. Kd4 Re6 65. Bd5 Rf6 66.
Ke3 Rf5 67. Ba2 Kd7 68. Bb3 Ke7 69. Rh8 Rb5 0-1

[Event "First Saturday Tournaments - GM April 20"]
[Site "Budapest"]
[Date "2010.04.09"]
[Round "7.2"]
[White "Bindrich, Falko"]
[Black "Baramidze, David"]
[Result "1/2-1/2"]
[WhiteElo "2532"]
[BlackElo "2528"]
[PlyCount "44"]
[EventDate "2010.04.03"]

1. c4 e6 2. Nc3 d5 3. d4 c6 4. e4 dxe4 5. Nxe4 Bb4+ 6. Bd2 Qxd4 7. Bxb4 Qxe4+
8. Be2 Na6 9. Bd6 Qxg2 10. Qd3 e5 11. O-O-O Qg5+ 12. Rd2 Bf5 13. Qb3 Qxd2+ 14.
Kxd2 O-O-O 15. Kc1 Rxd6 16. Nf3 f6 17. Qe3 Ne7 18. Qxa7 c5 19. Qa8+ Nb8 20. Qa7
Na6 21. Qa8+ Nb8 22. Qa7 Na6 1/2-1/2

[Event "First Saturday Tournaments - GM April 20"]
[Site "Budapest"]
[Date "2010.04.09"]
[Round "7.3"]
[White "Kislik, Erik Andrew"]
[Black "Gonda, Laszlo"]
[Result "0-1"]
[WhiteElo "2370"]
[BlackElo "2482"]
[PlyCount "98"]
[EventDate "2010.04.03"]

1. e4 e5 2. Nf3 Nc6 3. Bb5 a6 4. Ba4 Nf6 5. O-O Be7 6. Re1 b5 7. Bb3 d6 8. c3
O-O 9. h3 Na5 10. Bc2 c5 11. d4 Qc7 12. Nbd2 Re8 13. d5 Bd7 14. Kh2 g6 15. b3
Nh5 16. Nf1 Nb7 17. Ne3 Qc8 18. Ng1 Bg5 19. g3 Kh8 20. Ng4 Bxc1 21. Rxc1 Rf8
22. c4 Qd8 23. Qf3 Qg5 24. Qe2 Rae8 25. Ne3 f5 26. exf5 gxf5 27. Nf3 Qh6 28.
Nh4 Ng7 29. Neg2 f4 30. Qd3 Nf5 31. Nxf5 Bxf5 32. Qxf5 Rxf5 33. Bxf5 Rf8 34.
Be4 Nd8 35. Rc2 Nf7 36. Nh4 Ng5 37. Bg2 Qg7 38. b4 cxb4 39. cxb5 axb5 40. Rec1
fxg3+ 41. fxg3 e4 42. Rc8 Qg8 43. Rxf8 Qxf8 44. Rf1 Qg8 45. Rf5 e3 46. Bf1 Ne4
47. g4 Qa8 48. Bd3 Qxa2+ 49. Kg1 e2 0-1

[Event "First Saturday Tournaments - GM April 20"]
[Site "Budapest"]
[Date "2010.04.10"]
[Round "8.1"]
[White "Berczes, David"]
[Black "Kislik, Erik Andrew"]
[Result "1-0"]
[WhiteElo "2510"]
[BlackElo "2370"]
[PlyCount "47"]
[EventDate "2010.04.03"]

1. d4 Nf6 2. c4 g6 3. Nf3 Bg7 4. g3 c6 5. Bg2 O-O 6. O-O d5 7. b3 dxc4 8. bxc4
c5 9. Bb2 Qb6 10. Qb3 Rd8 11. d5 Qxb3 12. axb3 e6 13. dxe6 fxe6 14. Nc3 Nc6 15.
Na4 Nd7 16. Bxg7 Kxg7 17. Ng5 Re8 18. Bxc6 bxc6 19. Ne4 e5 20. Rfd1 Re7 21. Rd6
Rb8 22. Naxc5 Nxc5 23. Nxc5 Rb6 24. Rd8 1-0

[Event "First Saturday Tournaments - GM April 20"]
[Site "Budapest"]
[Date "2010.04.10"]
[Round "8.3"]
[White "Baramidze, David"]
[Black "Rajlich, Iweta"]
[Result "1-0"]
[WhiteElo "2528"]
[BlackElo "2459"]
[PlyCount "75"]
[EventDate "2010.04.03"]

1. d4 e6 2. e4 d5 3. Nc3 Bb4 4. e5 c5 5. a3 Bxc3+ 6. bxc3 Qa5 7. Bd2 Qa4 8. Qb1
c4 9. h4 Nc6 10. h5 h6 11. Nf3 Bd7 12. Be2 O-O-O 13. O-O Qa5 14. Qe1 g5 15.
hxg6 fxg6 16. a4 Rf8 17. Nh2 Kb8 18. Bc1 Ka8 19. Ba3 Rf7 20. Qd2 Qd8 21. a5 h5
22. Nf3 Rf5 23. g3 g5 24. a6 b6 25. Bc1 Nh6 26. Nxg5 Rg8 27. Nh7 Qh4 28. Qe3
Ne7 29. Nf6 Rfg5 30. Nxg8 Rxg8 31. Qf3 Nef5 32. Qxh5 Qe4 33. Bxh6 Nh4 34. f3
Rxg3+ 35. Kh2 Rg2+ 36. Kh1 Qxe2 37. Qxh4 Rg8 38. Rf2 1-0

[Event "First Saturday Tournaments - GM April 20"]
[Site "Budapest"]
[Date "2010.04.13"]
[Round "10.1"]
[White "Berczes, David"]
[Black "Bindrich, Falko"]
[Result "1/2-1/2"]
[WhiteElo "2510"]
[BlackElo "2532"]
[PlyCount "56"]
[EventDate "2010.04.03"]

1. d4 d5 2. c4 c6 3. Nf3 Nf6 4. cxd5 cxd5 5. Nc3 Nc6 6. Bf4 Bf5 7. e3 a6 8. Ne5
Rc8 9. Qb3 b5 10. a4 Qa5 11. Bd3 Bxd3 12. Nxd3 e6 13. Rc1 Nb4 14. Ke2 Nxd3 15.
Kxd3 Rc4 16. axb5 Bb4 17. Ra1 Qb6 18. bxa6 O-O 19. a7 Ra8 20. Bb8 Nd7 21. Bg3
Rxa7 22. Rxa7 Qxa7 23. Ke2 Nb6 24. f3 h5 25. Rb1 Qa6 26. Kf2 Qc8 27. Kg1 Qc6
28. Be1 Nd7 1/2-1/2

[Event "First Saturday Tournaments - GM April 20"]
[Site "Budapest"]
[Date "2010.04.13"]
[Round "10.2"]
[White "Kislik, Erik Andrew"]
[Black "Rajlich, Iweta"]
[Result "0-1"]
[WhiteElo "2370"]
[BlackElo "2459"]
[PlyCount "88"]
[EventDate "2010.04.03"]

1. e4 e6 2. d4 d5 3. Nc3 Nf6 4. e5 Nfd7 5. f4 c5 6. Nf3 Nc6 7. Be3 Be7 8. Qd2
O-O 9. Be2 b6 10. O-O f5 11. Kh1 Bb7 12. Rg1 Rc8 13. Nd1 cxd4 14. Nxd4 Nxd4 15.
Bxd4 Nc5 16. c3 Ne4 17. Qe3 g5 18. g4 Kh8 19. gxf5 Rxf5 20. fxg5 Bxg5 21. Qh3
Qe7 22. Bg4 Rf4 23. Bxe6 Rcf8 24. Bg4 h6 25. Qd3 Rf2 26. e6+ Kg8 27. h4 Rd2 28.
Qh3 Rxd1 29. Raxd1 Nf2+ 30. Kh2 Bf4+ 31. Kg2 Nxh3 32. Kxh3 Kh7 33. Rde1 Bc8 34.
b4 h5 35. Bxh5 Bxe6+ 36. Kg2 Rg8+ 37. Kf3 Rxg1 38. Rxg1 Qxh4 39. Bg4 Bh2 40.
Bxe6 Bxg1 41. Bf5+ Kh6 42. Bxg1 Qh1+ 43. Kf2 Kg5 44. Bd3 Kf4 0-1